000 00400nam a2200157 i 4500
001 84092
003 ES-MaACL
005 20230906174937.0
007 t|
008 041119s1962 sp ||||1| baq d
100 1 _aIzeta, Mariano.
_965691
245 1 0 _aDirua Galgarri /
_cMariano Izeta.
260 _a[Zarauz :
_bs.n.,
_c1962]
300 _a128 p. ;
_c18 cm.
852 _aES-MaACL
_jC-21716
_bR.50284
999 _c84092
_d84092